Asien - Geographie Quiz #1 - Statistiken

Allgemein
  • Dieses Quiz wurde 3.608 mal gespielt
  • Das Durchschnittsergebnis liegt bei 11 aus 20
Antwortstatistiken
Frage Antwort % Korrekt
Wie heißen die zwei bevölkerungsreichsten Städte der Vereinigten Arabischen Emirate? Dubai
86%
Welches asiatische Land hat die Form einer Träne? Sri Lanka
82%
Was ist die größte ethnische Gruppe der Türkei außer den Türken selbst? Kurden
74%
Wie heißen die zwei bevölkerungsreichsten Städte der Vereinigten Arabischen Emirate? Abu Dhabi
73%
Welche Nationalhauptstadt endet mit "bad"? Islamabad
71%
Wie heißt der Stern, der auf der Flagge Israels auftaucht? {David}stern
70%
Was meint das Wort "stan" in der persischen Sprache? Land
69%
Welche Muttersprache wird in Indien am häufigsten gesprochen? Hindi
64%
Welcher See in Russland enthält etwa 20 % des Süßwassers der Welt? Baikalsee
58%
Welches Land war früher bekannt als Niederländisch-Ostindien? Indonesien
56%
Welche Halbinsel von Ägypten wird zu Asien gezählt? Sinai-Halbinsel
54%
Welche Meerenge trennt Russland von Alaska? Beringstraße
52%
Welches Flussgebiet ist Heimat für ca. 600 Millionen Menschen, mehr als irgendein anderes Flussgebiet der Welt? Ganges
46%
Was ist das Nationaltier Thailands? Elefant
45%
Wie hieß Ho-Chi-Minh-Stadt früher? Saigon
42%
An welches Meer grenzen China, Vietnam, die Philippinen und Indonesien? Südchinesisches Meer
42%
Was ist die größte Stadt an der Pazifikküste Russlands? Wladiwostok
38%
Welchen Titel trägt der Herrscher von Brunei? {Sultan} von Brunei
37%
Welcher Golf liegt zwischen Indien und Myanmar? Golf von {Bengalen}
36%
Zu welchem Stadtgebiet gehören Kowloon und die New Territories? Hongkong
27%
Keine übereinstimmenden Quizze gefunden
Verteilung der Resultate
Anzahl Personen mit jedem Resultat
Perzentil nach korrekt beantworteten Fragen
Ihre Resultats-Entwicklung
Sie haben dieses Quiz noch nicht gespielt